| 000 | 01249nam a2200253 a 4500 | ||
|---|---|---|---|
| 008 | 120416s1990 ||||||||||||||||| || u | ||
| 020 | _a0024218219 | ||
| 050 | _aHF 5415.2 Tul | ||
| 100 | _aTull, Donald S | ||
| 245 | 1 | 0 | _aMarketing research : measurement & method : a text with cases / |
| 250 | _a5th ed. | ||
| 260 |
_aNew York: _bMacmillan _c1990 |
||
| 300 | _axxii, 836p. : ill. | ||
| 350 | _a0.00 | ||
| 490 | _aThe Macmillan series in marketing | ||
| 650 | 0 | _aMARKETING--MANAGEMENT--CASE STUDIES | |
| 650 | _aMARKETING RESEARCH--CASE STUDIES | ||
| 650 | 0 | _aMARKETING RESEARCH | |
| 700 | _aHawkins, Del I | ||
| 995 |
_aBINDERY (DAMAGED) _D0.00 _e725370 _FCBU-MAIN LIBRARY (Kitwe) _H1 _I38.70 _jHF 5415.2 Tul _M1 _UDAMAGED _y005700 _ZMain Library Open Access Collection |
||
| 995 |
_aBINDERY (DAMAGED) _D0.00 _e725371 _FCBU-MAIN LIBRARY (Kitwe) _H2 _I38.70 _jHF 5415.2 Tul _M2 _UDAMAGED _y005701 _ZMain Library Open Access Collection |
||
| 995 |
_aBINDERY (DAMAGED) _D0.00 _e725372 _FCBU-MAIN LIBRARY (Kitwe) _H3 _I38.70 _jHF 5415.2 Tul _M3 _UDAMAGED _y005702 _ZMain Library Open Access Collection |
||
| 995 |
_aMAIN LIBRARY OPEN ACCESS _D0.00 _e005703 _FCBU-MAIN LIBRARY (Kitwe) _H4 _I38.70 _jHF 5415.2 Tul _M4 _UAVAILABLE _y005703 _ZMain Library Open Access Collection |
||
| 999 |
_c82680 _d82680 |
||